banner koha

Flutuação populacional e danos de Grapholita molesta em pomares convencional e de produção integrada de pêssego, no município de Lapa, PR (Registro n. 203545)

MARC details
000 -LÍDER
campo de controle de tamanho fixo 01005nas a2200313 4500
001 - NÚMERO DE CONTROLE
campo de controle BR0903068
003 - IDENTIFICADOR DO NÚMERO DE CONTROLE
campo de controle BR-BrBNA
005 - DATA E HORÁRIO DA ÚLTIMA TRANSAÇÃO
campo de controle 20231205113407.0
007 - CAMPO FIXO DE DESCRIÇÃO FÍSICA--INFORMAÇÃO GERAL
campo de controle de tamanho fixo ta
008 - CAMPO DE DADOS FIXOS--INFORMAÇÃO GERAL
campo de controle de tamanho fixo 230509b bl.|||p| |||| 00| 00por d
040 ## - FONTE DA CATALOGAÇÃO
Instituição da catalogação original BR-BrBNA
Idioma da catalogação por
Instituição que transcreveu o registro Biblioteca Nacional de Agricultura
041 ## - CÓDIGO DE IDIOMA
Código do idioma do texto/trilha sonora ou título diferente (Pt)
072 ## - CÓDIGO DE CATEGORIA DE ASSUNTO
Código de Categoria de Assunto H10
100 1# - ENTRADA PRINCIPAL--NOME PESSOAL
Nome pessoal Monteiro, L.B.
100 1# - ENTRADA PRINCIPAL--NOME PESSOAL
Nome pessoal Mio, L.M. de
100 1# - ENTRADA PRINCIPAL--NOME PESSOAL
Nome pessoal Motta, A.C.V.
100 1# - ENTRADA PRINCIPAL--NOME PESSOAL
Nome pessoal Serrat, B.M.
100 1# - ENTRADA PRINCIPAL--NOME PESSOAL
Nome pessoal Cuquel, F.L.
245 1# - TÍTULO
Título Flutuação populacional e danos de Grapholita molesta em pomares convencional e de produção integrada de pêssego, no município de Lapa, PR
650 ## - ASSUNTO--TERMO TÓPICO
Cabeçalho tópico ou nome geográfico PÊSSEGO
650 ## - ASSUNTO--TERMO TÓPICO
Cabeçalho tópico ou nome geográfico INSETO
650 ## - ASSUNTO--TERMO TÓPICO
Cabeçalho tópico ou nome geográfico FLUTUAÇÃO POPULACIONAL
650 ## - ASSUNTO--TERMO TÓPICO
Cabeçalho tópico ou nome geográfico CONTROLE INTEGRADO
650 ## - ASSUNTO--TERMO TÓPICO
Cabeçalho tópico ou nome geográfico CONTROLE QUÍMICO
773 0# - ENTRADA ANALÍTICA
Título Bragantia (Brazil)
ISSN - International Standard Serial Number ISSN 0006-8705
Partes relacionadas (Jan-Feb 2009), v. 68(1) p. 99-107
Número de controle do registro BR0903068
856 40 - LOCALIZAÇÃO ELETRÔNICA E ACESSO
Uniform Resource Identifier <a href="http://www.aprh.pt/rgci/pdf/rgci-155_Borges.pdf">http://www.aprh.pt/rgci/pdf/rgci-155_Borges.pdf</a>
909 ## -
-- 202311
-- Lúcia
-- 55
-- Lúcia Elande
942 ## - ELEMENTOS DE ENTRADA ADICIONADOS (KOHA)
Fonte da classificação ou esquema de arquivamento na estante Classificação AGRIS
Ocultar no OPAC Não
Tipo de material Koha Analítica
Exemplares
Situação do descarte Fonte da classificação ou esquema de arquivamento na estante Situação física Não pode ser emprestado Biblioteca de origem Biblioteca atual Localização na estante Enumeração do periódico / cronologia Total de empréstimos Data de último acesso Número do exemplar Tipo de material Koha Fonte de aquisição
  Classificação AGRIS   Consulta local Biblioteca Nacional de Agricultura - Binagri Biblioteca Nacional de Agricultura - Binagri   (Jan-Feb 2009), v. 68(1) p. 99-107   29/11/2023 01 Periódicos Portaria Interministerial nº 164/94

BINAGRI

Telefone: (61)3218-2567/2388/3357/2097 - binagri@agro.gov.br

Ministério da Agricultura e Pecuária , Esplanada dos Ministérios, Bloco D, Anexo B, Brasília/DF, CEP: 70.043-900